00447nam a2200145Ia 4500008004100000020001800041041000800059082001600067100001100083245015200094260002000246300000800266365001600274700001100290230714s9999 xx 000 0 und d a9790000000000 aeng a004.35bGUO aGuo S. aHadoop Operations And Cluster Management CookbookbOver 60 Recipes Showing You How To Design, Configure, Manage, Monitor, And Tune A Hadoop Cluster c2013bPackt/SPD a351 cRs.b650.00 aGuo S.